Регионална библиотека "Любен Каравелов" - Русе

Туристически дестинации (Запис номер 82185)

MARC детайли
000 -Лидер
Контролно поле с фиксирана дължина 01844nam a2200361 c 4500
003 - Код на организацията, давaща контролен номер
Контролно поле BLK
005 - Дата и час на последна редакция
Контролно поле 20250220155945.0
008 - Елементи от данни с фиксирана дължина
fixed length control field 180408b bul|||||r ||||||| ||bul||
010 ## - Наследен системен номер
LC control number KNG00086706000
020 ## - Международен стандартен номер на книга ISBN
Международен стандартен номер на книга ISBN 978-954-8401-71-5
-- издат.: Тракия-М
040 ## - Източник на каталожния запис
Идентификатор на билиотеката - собственик на записа BLK
041 ## - Код за език
Код за езика на текст/звукозапис или на отделно заглавие Български
Код за езика КДБФ Български
080 ## - УДК
Текстов определител УДК Туризмът от стопанско гледище. Политика по отношение на туризма. Икономика и организация на туризма. Вътрешен и международен туризъм. Вж и 379.8
УДК код - определител по УДК 338.48
УДК определител (100)
УДК - код + определител 338.48(100)
080 ## - УДК
Текстов определител УДК Пазар. Анализ на пазара. Търсене. Предлагане. Конкуренция. Маркетингова логистика
УДК код - определител по УДК 339.13
УДК определител (100)
УДК - код + определител 339.13(100)
100 1# - Редна дума - Автор
Автор Рибов, Манол Николов
Авторска отговорност първи автор
R(LIN) 368498
139 ## - Редно поле
Редна дума Туристически дестинации
Авторски знак Тург - Т 92
245 10 - Сведения за заглавието
Заглавие Туристически дестинации
Подзаглавни данни Моногр.
Редно поле (дума) Манол Николов Рибов.
257 ## - Страна на издаване
Страна на създаване/издаване България
260 ## - Област на издателските данни
-- София
Име на издателя, разпространителя и проч. Тракия-М
Година на издаване 2008
300 ## - Физическа характеристика
Страници 800 с.
Илюстрации и др. с ил.
Размери/Мащаб 26 см
380 ## - Жанр
Жанр Обществени науки
500 ## - Общи забележки
Забележка Други авт. : М. Станкова, Пр. Димитров, Л. Гръчка. - Офс. изд.
650 #4 - Допълнително описание по предмет – тема
Основно описание – тема или топоним Туризъм - икономически проблеми
9 (RLIN) 246366
650 #4 - Допълнително описание по предмет – тема
Основно описание – тема или топоним Туризъм, международен - икономика и организация
9 (RLIN) 248420
653 ## - Ключова дума – ненормативна
Ключова дума туристически дестинации
653 ## - Ключова дума – ненормативна
Ключова дума международен туризъм
852 ## - Местоположение
Форматна сигнатура Цб ІІ 15437
856 4# - Електронен адрес и достъп
Електронен формат pdf - файл
Път до файла /url/
856 4# - Електронен адрес и достъп
Електронен формат pdf - файл
Път до файла /url/
942 ## - АРТИКУЛИ
Вид на библиотечния материал Книги
Скрит в OPAC Не
Koha issues (borrowed), all copies 1
944 ## - СЪЗДАВАНЕ И РЕДАКЦИЯ на ЗАПИСА
Създаване/Редакция Създаване
Дата на регистрацията/редакция 01.12.2008
Статус, дата на статуса Виолета Тройчева
Служител, извършил регистрацията/редакцията 30552
944 ## - СЪЗДАВАНЕ И РЕДАКЦИЯ на ЗАПИСА
Създаване/Редакция Редакция
Дата на регистрацията/редакция 20.12.2012
Статус, дата на статуса ф /
Служител, извършил регистрацията/редакцията
999 ## - СИСТЕМНИ КОНТРОЛНИ НОМЕРА
Koha biblionumber 82185
Koha biblioitemnumber 82185
Наличности
Код за отписване Код за изгубен артикул Код за повреда Коз за рестрикции Код за отдаване Артикулен № Име на библиотеката - собственик Име на библиотеката, в която се намира в момента Статус (Текущо местоположение) Дата на вписване в системата Местоположение - отдел Цена в лева Инвентарен номер Систематично азбучна сигнатура Баркод Номер на екземпляра Цена в евро Служебна бележка Служебен тип на артикула
  Не е изгубен Не е повреден без рестрикции заемане за дома 133405 Регионална библиотека "Любен Каравелов" Русе Регионална библиотека "Любен Каравелов" Русе Заемна - подръчен фонд 2008-11-28 Заемна - подръчен фонд 39.00 120000731778 П 338.4/Т 92 120000731778 1 19.94 Дост: Pk Вид: Ф N: 10097 Дата: 19.11.2008 Дата инв: 05.02.2018 Бележки инв: П2018 Книги
  Не е изгубен Не е повреден без рестрикции ползва се в читалня 133406 Регионална библиотека "Любен Каравелов" Русе Регионална библиотека "Любен Каравелов" Русе Читалня 2008-11-28 Читалня 39.00 120000731779 Ч 338.4/Т 92 120000731779 2 19.94 Дост: Pk Вид: Ф N: 10097 Дата: 19.11.2008 Дата инв: 23.03.2017 Бележки инв: Ч2017 Книги
  Не е изгубен Не е повреден без рестрикции ползва се в читалня 133407 Регионална библиотека "Любен Каравелов" Русе Регионална библиотека "Любен Каравелов" Русе Хранилище 2012-12-17 Основен фонд - ползва се само за читалня 30.00 120000762577 Цб ІІ 15437 120000762577 3 15.34 Дост: Pk Вид: Ф N: 337 Дата: 10.12.2012 Книги
Vip Innovations Ltd, Rousse, Bulgaria 2025